| 000 | 00661nam a2200217 a 4500 | ||
|---|---|---|---|
| 005 | 20240925064436.0 | ||
| 008 | 010713s1998 mx r 000 0 spa d | ||
| 020 | _a9682434815 | ||
| 035 | _aUPN01000109540 | ||
| 049 | _aCG | ||
| 050 | 4 |
_aHQ755.8 _bH5.4 |
|
| 245 | 0 | 4 |
_aLos hijos discapacitados y la familia / _cAlejandra Kawage de Quintana... [et al.]. |
| 260 |
_aMéxico : _bTrillas, _c1998. |
||
| 300 |
_a69 p. : _bil. |
||
| 440 | 0 | _aEscuela para padres | |
| 650 | 4 |
_aPadres e hijos _91360 |
|
| 650 | 4 |
_aNiños con discapacidad _xEducación _91549 |
|
| 650 | 4 |
_aFamilias _944286 |
|
| 700 | 1 |
_aKawage de Quintana, Alejandra _ecolab. _928821 |
|
| 905 | _aLibro | ||
| 999 |
_c83451 _d83451 |
||